| 000 | 00552nam a2200193 a 4500 | ||
|---|---|---|---|
| 001 | 2452 | ||
| 003 | CDMR | ||
| 005 | 20151019135402.0 | ||
| 008 | 130130s1981||||||||||||||||||||||||||||d | ||
| 040 |
_aCDMR _bcat _cCDMR |
||
| 100 | 1 |
_aPérez Calderon, Miguel _91602 |
|
| 245 | 1 | 4 |
_aLas mil y una noches de TVE (1956-1964) _b: anecdotario de una etapa inverosímil |
| 260 |
_aMadrid _bSantafé _c1981 |
||
| 300 | _a148 p. | ||
| 490 | 0 |
_aSanta María _v1 |
|
| 650 | 0 | 4 |
_94187 _aPeriodisme _xAnècdotes |
| 610 | 2 |
_92814 _aTelevisión Española |
|
| 942 |
_cMON _2udc |
||
| 999 |
_c2452 _d2452 |
||